Vista normal
Vista MARC
Entrada Topical Term
Número de registros utilizados en: 1
001 - CONTROL NUMBER
- control field: 8316
003 - CONTROL NUMBER IDENTIFIER
- control field: OSt
005 - DATE AND TIME OF LATEST TRANSACTION
- control field: 20200804120542.0
008 - FIXED-LENGTH DATA ELEMENTS
- fixed length control field: 200804|| aca||aabn | a|a d
040 ## - CATALOGING SOURCE
- Original cataloging agency: OSt
- Transcribing agency: OSt
150 ## - HEADING--TOPICAL TERM
- Topical term or geographic name entry element: Novela estadounidense
670 ## - SOURCE DATA FOUND
- Source citation: Work cat.: (OSt)3565: West, Morris, 1916-1999 8310, Los bufones de Dios / , 1981